Alarmistické odsudky, nebo pokus o hledání optimální reformní strategie?

Kritické stanoviská V. Klausa ku koncepciám obsiahnutým v dokumente Prognostického ústavu ČSAV "Prognostické reflexie problémov prechodu k demokracii a trhovej ekonomike v ČSFR. Kritika sa týka predovšetkým snahy nastoliť hybridný systém medzi plánom a trhom, časového postupu reformy, hodnotenia von...

Descrizione completa

Salvato in:
Dettagli Bibliografici
Autore principale: Klaus, Václav
Natura: Capitolo di libro
Lingua:ceco
Soggetti:
Tags: Aggiungi Tag
Nessun Tag, puoi essere il primo ad aggiungerne!!

MARC

LEADER 00000naa a2200000 4500
001 r006004
005 20221125065618.3
041 0 |a cze 
044 |a [CS] 
245 1 0 |a Alarmistické odsudky, nebo pokus o hledání optimální reformní strategie?  |c Václav Klaus 
520 |a Kritické stanoviská V. Klausa ku koncepciám obsiahnutým v dokumente Prognostického ústavu ČSAV "Prognostické reflexie problémov prechodu k demokracii a trhovej ekonomike v ČSFR. Kritika sa týka predovšetkým snahy nastoliť hybridný systém medzi plánom a trhom, časového postupu reformy, hodnotenia vonkajších vplyvov, technického videnia problémov a názoru, že vládni ekonómovia nezohľadňujú špecifiká čs. ekonomiky. 
610 2 0 |a reformy hospodárske 
610 2 0 |a prognózy hospodárske 
610 2 0 |a politika hospodárska 
610 2 0 |a inflácia 
610 2 0 |a devalvácia 
610 2 0 |a Medzinárodný menový fond 
610 2 0 |a ČSFR 
100 1 |a Klaus, Václav